Microeconomic Theory Basic Principles and Extensions
Gespeichert in:
| 1. Verfasser: | |
|---|---|
| Format: | Buch |
| Sprache: | Englisch |
| Veröffentlicht: |
Fort Worth
The Dryden Press
1995
|
| Ausgabe: | 6. ed. |
| Schlagworte: | |
| Tags: |
Keine Tags, Fügen Sie das erste Tag hinzu!
|
MARC
| LEADER | 00000nam a2200000 4500 | ||
|---|---|---|---|
| 001 | c012739 | ||
| 005 | 20221205133300.4 | ||
| 020 | |a 0-03-007554-8 | ||
| 041 | 0 | |a eng | |
| 044 | |a US | ||
| 245 | 1 | 0 | |a Microeconomic Theory |b Basic Principles and Extensions |c Walter Nicholson |
| 250 | |a 6. ed. | ||
| 264 | 1 | |a Fort Worth |b The Dryden Press |c 1995 | |
| 300 | |a 901 s. | ||
| 610 | 2 | 0 | |a mikroekonomika |
| 610 | 2 | 0 | |a teórie ekonomické |
| 610 | 2 | 0 | |a trh |
| 610 | 2 | 0 | |a dopyt |
| 610 | 2 | 0 | |a mena |
| 610 | 2 | 0 | |a výroba |
| 610 | 2 | 0 | |a analýzy |
| 610 | 2 | 0 | |a ceny |
| 610 | 2 | 0 | |a práca |
| 610 | 2 | 0 | |a rovnováha |
| 100 | 1 | |a Nicholson, Walter | |